[Event "EU-chT Seniors 6th"]
[Site "Dresden"]
[Date "2004.02.24"]
[Round "3"]
[White "Khanukov, Boris"]
[Black "Hecht, Hans Joachim"]
[Result "1/2-1/2"]
[WhiteElo "2344"]
[BlackElo "2418"]
[PlyCount "59"]
[EventDate "2004.02.22"]
[Source "Roberto Alvarez"]
[SourceDate "2004.05.31"]

1. d4 Nf6 2. c4 e6 3. Nc3 Bb4 4. Qc2 Nc6 5. e3 O-O 6. a3 Bxc3+ 7. Qxc3 a5 8. Qc2 d6 9. Bd3 Qe7 10. Ne2 e5 11. d5 e4 12. dxc6 bxc6 13. O-O exd3 14. Qxd3 Ba6 15. Qc2 Qe4 16. Qxe4 Nxe4 17. b3 a4 18. b4 Bxc4 19. Re1 c5 20. Ng3 Nxg3 21. hxg3 cxb4 22. axb4 f5 23. Ba3 Rfe8 24. Rac1 d5 25. f3 Re6 26. Kf2 c6 27. Red1 Ree8 28. Rc3 g5 29. Rd4 h6 30. Bc1 1/2-1/2

[Event "Ronde"]
[Site "Ronde"]
[Date "1993.??.??"]
[Round "?"]
[White "Wiedenkeller, Michael"]
[Black "Bjork, Carl-Magnus"]
[Result "1/2-1/2"]
[WhiteElo "2450"]
[BlackElo "2310"]
[PlyCount "53"]
[EventDate "1993.??.??"]
[Source "www.chesslib.no"]
[SourceDate "2004.05.04"]

1. d4 Nf6 2. c4 e6 3. Nc3 Bb4 4. Qc2 Nc6 5. Nf3 d5 6. cxd5 exd5 7. Bg5 h6 8. Bxf6 Qxf6 9. e3 O-O 10. a3 Bf5 11. Bd3 Bxc3+ 12. Qxc3 Bxd3 13. Qxd3 Ne7 14. O-O c6 15. b4 a6 16. a4 Nf5 17. Ne5 Qe6 18. Qb3 Nd6 19. Nd3 Rae8 20. Rae1 Kh8 21. Ne5 Re7 22. Qd3 Rfe8 23. h3 Kg8 24. f3 f6 25. Ng6 Rd7 26. h4 Qf5 27. Qxf5 1/2-1/2

[Event "III Memorial E.Geller - Open A"]
[Site "Odessa UCR"]
[Date "2007.09.11"]
[Round "4"]
[White "Podolchenko, Evgeniy"]
[Black "Polyakov, Maxim"]
[Result "1-0"]
[WhiteElo "2458"]
[BlackElo "2296"]
[PlyCount "131"]
[EventDate "2007.09.08"]
[Source "www.chesslib.no"]
[SourceDate "2004.05.04"]

1. d4 Nf6 2. c4 e6 3. Nc3 Bb4 4. Qc2 Nc6 5. Nf3 Qe7 6. a3 Bxc3+ 7. Qxc3 d6 8. g3 e5 9. dxe5 dxe5 10. Bg2 O-O 11. b4 Ne4 12. Qe3 Nd6 13. Qc3 Bg4 14. Bb2 f6 15. c5 Nf7 16. O-O Rad8 17. h3 Nd4 18. Rfe1 Nxf3+ 19. exf3 Be6 20. Rad1 Rxd1 21. Rxd1 Rd8 22. Rxd8+ Qxd8 23. Kh2 Bd5 24. b5 Ng5 25. Bc1 Ne6 26. Be3 c6 27. a4 Qd7 28. Qd2 Qd8 29. h4 cxb5 30. axb5 a6 31. c6 bxc6 32. bxa6 Qa8 33. a7 c5 34. Qa5 Nd4 35. Bxd4 cxd4 36. Qc7 Qb7 37. Qd8+ Kf7 38. Bf1 Bxf3 39. Bc4+ Kg6 40. Qe8+ Kh6 41. Be2 Qxa7 42. Bxf3 g6 43. Qf8+ Qg7 44. Qxg7+ Kxg7 45. Kg2 f5 46. Bd1 e4 47. f4 Kf6 48. Kf2 h5 49. Ke2 Ke6 50. Kd2 Kf6 51. Bb3 Ke7 52. Kc2 Kf6 53. Ba4 Ke7 54. Kb3 Kf6 55. Kc4 d3 56. Kd4 Ke6 57. Bb5 Kf6 58. Kd5 Kf7 59. Kd6 Kf6 60. Bc4 Kg7 61. Ke7 Kh6 62. Kf6 Kh7 63. Kf7 Kh6 64. Kg8 g5 65. hxg5+ Kg6 66. Bf7# 1-0

[Event "Spring Festival 16th"]
[Site "Budapest"]
[Date "2000.03.21"]
[Round "5"]
[White "Jakab, Attila"]
[Black "Berkes, Ferenc"]
[Result "0-1"]
[WhiteElo "2354"]
[BlackElo "2398"]
[PlyCount "66"]
[EventDate "2000.03.17"]
[Source "www.chesslib.no"]
[SourceDate "2004.05.04"]

1. d4 Nf6 2. c4 e6 3. Nc3 Bb4 4. Qc2 Nc6 5. Nf3 O-O 6. Bg5 h6 7. Bxf6 Qxf6 8. e3 e5 9. dxe5 Nxe5 10. Nxe5 Qxe5 11. Rc1 b6 12. a3 Bd6 13. Qe4 Qxe4 14. Nxe4 Be5 15. Nc3 Bb7 16. Kd2 f5 17. f4 Bf6 18. Rg1 Rae8 19. Be2 g5 20. Bf3 Bxf3 21. gxf3 Kf7 22. fxg5 hxg5 23. Nb5 Bd8 24. c5 Rh8 25. cxb6 Rxh2+ 26. Kd3 axb6 27. Nxc7 Re5 28. Rgd1 Rf2 29. Kd4 Bf6 30. Nd5 Rxf3 31. Kc4 g4 32. Rf1 b5+ 33. Kc5 Ke6 0-1

[Event "open"]
[Site "Balatonlelle"]
[Date "2004.07.27"]
[Round "9"]
[White "Jedynak, Radoslaw"]
[Black "Nagy, Ervin"]
[Result "1-0"]
[WhiteElo "2412"]
[BlackElo "2340"]
[PlyCount "127"]
[EventDate "2004.07.19"]
[Source "Roberto Alvarez"]
[SourceDate "2004.08.17"]

1. d4 Nf6 2. c4 e6 3. Nc3 Bb4 4. Qc2 Nc6 5. Nf3 d5 6. e3 O-O 7. a3 Bxc3+ 8. bxc3 b6 9. cxd5 exd5 10. Bd3 Bb7 11. O-O Re8 12. Kh1 Na5 13. Ne5 c5 14. g4 c4 15. Bf5 g6 16. g5 Nh5 17. Bg4 Qxg5 18. Rg1 Ng7 19. Bd7 Qh4 20. Bxe8 Rxe8 21. Nf3 Qf6 22. Qe2 Nb3 23. Ra2 Nf5 24. Nd2 Nxd2 25. Bxd2 Nh4 26. Rg4 Bc8 27. Rg3 Bf5 28. f3 Bd3 29. Qd1 Nf5 30. Qg1 Nxg3+ 31. Qxg3 Qf5 32. Kg2 Re6 33. Bc1 Rf6 34. Rf2 Qd7 35. Qb8+ Kg7 36. Qe5 Qe6 37. Qxe6 Rxe6 38. Rb2 a6 39. a4 g5 40. h4 gxh4 41. Kh3 Rh6 42. e4 Rf6 43. exd5 Rxf3+ 44. Kg4 Rf1 45. Bg5 Bf5+ 46. Kh5 h3 47. Bh6+ Kf6 48. Bg5+ Kg7 49. Bh6+ Kg8 50. Rxb6 Rb1 51. Rxa6 Rb8 52. Bf4 Rd8 53. d6 f6 54. Ra7 Re8 55. Kh4 Re4 56. Kg3 Rxf4 57. d7 Rg4+ 58. Kh2 Rg2+ 59. Kh1 Bxd7 60. Rxd7 Rc2 61. a5 Ra2 62. Ra7 f5 63. d5 Rd2 64. Rc7 1-0

[Event "Zalakaros Open"]
[Site "Zalakaros"]
[Date "1994.??.??"]
[Round "4"]
[White "Sergienko, Sergey"]
[Black "Kiss, Attila"]
[Result "1/2-1/2"]
[WhiteElo "2410"]
[BlackElo "2340"]
[PlyCount "48"]
[EventDate "1994.??.??"]
[Source "www.chesslib.no"]
[SourceDate "2004.05.04"]

1. d4 Nf6 2. c4 e6 3. Nc3 Bb4 4. Qc2 Nc6 5. e3 d5 6. Nf3 O-O 7. a3 Bxc3+ 8. Qxc3 Re8 9. Bd3 a5 10. b3 Bd7 11. O-O a4 12. b4 Na7 13. Ne5 dxc4 14. Nxc4 Bb5 15. Bb2 c6 16. e4 Re7 17. Rad1 Qc7 18. h3 Rd8 19. Rfe1 Ne8 20. Bc2 Nc8 21. Re3 f6 22. Rg3 Red7 23. Ne3 Ne7 24. Qe1 Kf8 1/2-1/2

[Event "Rohde op"]
[Site "Sautron"]
[Date "2001.10.31"]
[Round "5"]
[White "Delalande, Thierry"]
[Black "Kogan, Artur"]
[Result "0-1"]
[WhiteElo "2183"]
[BlackElo "2565"]
[PlyCount "56"]
[EventDate "2001.10.27"]
[Source "ChessBase"]
[SourceDate "2002.01.21"]

1. d4 Nf6 2. c4 e6 3. Nc3 Bb4 4. Qc2 Nc6 5. Nf3 d5 6. cxd5 exd5 7. Bg5 h6 8. Bxf6 Qxf6 9. e3 O-O 10. a3 Bxc3+ 11. Qxc3 Qg6 12. h3 Rd8 13. O-O-O Rd6 14. Rg1 Qf6 15. Be2 a5 16. Kb1 Bf5+ 17. Bd3 Bxh3 18. Ne5 Bf5 19. g4 Bxd3+ 20. Nxd3 Qe7 21. Rg3 a4 22. Rdg1 Na5 23. Ne5 f6 24. Nd3 Rc6 25. Qe1 Qe4 26. Qe2 Nb3 27. Re1 Re8 28. f3 Qg6 0-1

[Event "EU-ch U18"]
[Site "Mureck"]
[Date "1998.??.??"]
[Round "3"]
[White "Gershon, Alik"]
[Black "Vink, Nico"]
[Result "1-0"]
[WhiteElo "2460"]
[BlackElo "2285"]
[PlyCount "77"]
[EventDate "1998.07.08"]
[Source "ChessBase"]
[SourceDate "1998.09.09"]

1. d4 Nf6 2. c4 e6 3. Nc3 Bb4 4. Qc2 Nc6 5. Nf3 O-O 6. a3 Bxc3+ 7. Qxc3 a5 8. Bg5 d6 9. e3 Qe7 10. Bd3 e5 11. d5 Nb8 12. Nd2 Nbd7 13. b4 Re8 14. Qb2 h6 15. Bh4 c6 16. e4 Nf8 17. O-O g5 18. Bg3 Ng6 19. Rfd1 Nh5 20. f3 Nxg3 21. hxg3 h5 22. dxc6 bxc6 23. Nf1 h4 24. g4 Nf4 25. b5 Be6 26. Ne3 Reb8 27. Bf1 Qa7 28. Qf2 Qc5 29. Nf5 Qxf2+ 30. Kxf2 Bxf5 31. gxf5 cxb5 32. cxb5 Rd8 33. b6 Rab8 34. Rab1 Nh5 35. Rd5 Nf6 36. Rxa5 Nd7 37. Rab5 Nc5 38. Bc4 Na4 39. R5b4 1-0

[Event "Groningen NED"]
[Site "Groningen NED"]
[Date "1994.??.??"]
[Round "5"]
[White "Van der Wal, Jannes"]
[Black "Kogan, Artur"]
[Result "0-1"]
[WhiteElo "2330"]
[BlackElo "2415"]
[PlyCount "56"]
[EventDate "1994.??.??"]
[Source "www.chesslib.no"]
[SourceDate "2004.05.04"]

1. d4 Nf6 2. c4 e6 3. Nc3 Bb4 4. Qc2 Nc6 5. Nf3 d5 6. cxd5 exd5 7. Bg5 h6 8. Bxf6 Qxf6 9. e3 Be6 10. a3 Be7 11. Bd3 O-O 12. Qb3 b6 13. Qa4 Bg4 14. Ne5 Nxe5 15. dxe5 Qe6 16. Nb5 c5 17. Qf4 f6 18. Nc7 Qc8 19. e6 f5 20. h3 Bh5 21. g4 Bd6 22. Nxd5 Qxe6 23. Qa4 fxg4 24. Nf4 Qe5 25. hxg4 Be8 26. Qc4+ Kh8 27. Bg6 Qg5 28. Bf5 Rxf5 0-1

[Event "Teeside"]
[Site "Teeside"]
[Date "1972.??.??"]
[Round "3"]
[White "Ree, Hans"]
[Black "Bellin, Robert"]
[Result "1-0"]
[WhiteElo "2430"]
[BlackElo "2315"]
[PlyCount "129"]
[EventDate "1972.??.??"]
[Source "ChessBase"]

1. d4 Nf6 2. c4 e6 3. Nc3 Bb4 4. Qc2 Nc6 5. Nf3 d5 6. cxd5 exd5 7. Bg5 Qd6 8. Bxf6 Qxf6 9. e3 Bf5 10. Qb3 O-O 11. Be2 Qd6 12. O-O Bxc3 13. Qxc3 a6 14. Rac1 Rfc8 15. Nd2 Nb4 16. Qb3 b6 17. a3 Nc6 18. Qc3 Nd8 19. b4 Nb7 20. Bf3 c6 21. e4 Be6 22. e5 Qe7 23. Qb3 Qh4 24. Qb2 Qe7 25. Nb3 c5 26. Qd2 a5 27. dxc5 bxc5 28. bxc5 Nxc5 29. Nd4 Nd7 30. Qe3 Qf8 31. h3 g6 32. h4 Rxc1 33. Rxc1 Rc8 34. Nc6 Nb8 35. Nxa5 h5 36. Rd1 Qc5 37. Qxc5 Rxc5 38. Nb7 Rb5 39. Nd6 Ra5 40. Ne8 Nc6 41. Bxd5 Nxe5 42. Bxe6 fxe6 43. Re1 Kf7 44. Nd6+ Kf6 45. Ne4+ Kf5 46. Nd6+ Kf6 47. Re3 Ke7 48. Ne4 Nc4 49. Rc3 Nxa3 50. Rc7+ Kf8 51. Nc5 e5 52. Ne6+ Ke8 53. Rg7 Ra6 54. Rxg6 Kf7 55. Rg3 Rxe6 56. Rxa3 Rb6 57. g3 Kf6 58. Kg2 Kf5 59. Ra8 Ke4 60. Rh8 Kd4 61. Rxh5 e4 62. Rh8 Re6 63. g4 e3 64. fxe3+ Kxe3 65. Kg3 1-0

[Event "Groningen op"]
[Site "Groningen"]
[Date "1994.??.??"]
[Round "5"]
[White "Van der Wal, Jannes"]
[Black "Kogan, Artur"]
[Result "0-1"]
[WhiteElo "2275"]
[BlackElo "2470"]
[PlyCount "58"]
[EventDate "1994.12.??"]
[Source "ChessBase"]

1. d4 Nf6 2. c4 e6 3. Nc3 Bb4 4. Qc2 Nc6 5. Nf3 d5 6. cxd5 exd5 7. Bg5 h6 8. Bxf6 Qxf6 9. e3 Be6 10. a3 Be7 11. Bd3 O-O 12. O-O Rad8 13. Qb3 b6 14. Qa4 Bg4 15. Ne5 Nxe5 16. dxe5 Qe6 17. Nb5 c5 18. Qf4 f6 19. Nc7 Qc8 20. e6 f5 21. h3 Bh5 22. g4 Bd6 23. Nxd5 Qxe6 24. Qa4 fxg4 25. Nf4 Qe5 26. hxg4 Be8 27. Qc4+ Kh8 28. Bg6 Qg5 29. Bf5 Rxf5 0-1

[Event "Cto Espana Equipos NEW CHESS-MORATALAZ"]
[Site "?"]
[Date "1998.??.??"]
[Round "7"]
[White "Candela, J."]
[Black "Del Rio"]
[Result "1/2-1/2"]
[WhiteElo "2380"]
[BlackElo "2365"]
[PlyCount "86"]
[EventDate "1998.??.??"]
[Source "www.chesslib.no"]
[SourceDate "2004.05.04"]

1. d4 Nf6 2. c4 e6 3. Nc3 Bb4 4. Qc2 Nc6 5. Nf3 O-O 6. a3 Bxc3+ 7. Qxc3 a5 8. b3 d6 9. g3 Qe7 10. Bb2 Bd7 11. Bg2 Rfc8 12. O-O Be8 13. d5 Nb8 14. dxe6 fxe6 15. Nd4 c6 16. Rad1 Bf7 17. Rd3 Nbd7 18. Re3 e5 19. Nf5 Qf8 20. f4 Ng4 21. Rd3 d5 22. fxe5 Qc5+ 23. Qd4 Re8 24. Nd6 dxc4 25. bxc4 Ngxe5 26. Qxc5 Nxc5 27. Bxe5 Nxd3 28. exd3 Rxe5 29. Nxf7 Re7 30. Nd6 Rd8 31. c5 b6 32. Bxc6 g6 33. d4 bxc5 34. dxc5 Rc7 35. Bd5+ Kg7 36. Rf7+ Rxf7 37. Bxf7 Rxd6 38. cxd6 Kxf7 39. Kf2 Ke6 40. Ke3 Kxd6 41. Kd4 Kc6 42. Kc4 Kb6 43. g4 g5 1/2-1/2

[Event "Open"]
[Site "?"]
[Date "2002.04.10"]
[Round "1"]
[White "Kalenik Roman"]
[Black "Korobov Anton"]
[Result "0-1"]
[WhiteElo "2229"]
[BlackElo "2511"]
[PlyCount "100"]
[EventDate "2002.??.??"]
[Source "www.chesslib.no"]
[SourceDate "2004.05.04"]

1. d4 Nf6 2. c4 e6 3. Nc3 Bb4 4. Qc2 Nc6 5. Nf3 Qe7 6. a3 Bxc3+ 7. Qxc3 d6 8. g3 e5 9. dxe5 dxe5 10. Bg2 a5 11. b3 O-O 12. Bb2 Re8 13. O-O Bf5 14. Nh4 Bd7 15. Nf3 Bg4 16. Qe3 h6 17. Rad1 Qe6 18. Nd2 Bh3 19. Ne4 Bxg2 20. Nxf6+ Qxf6 21. Kxg2 Qe6 22. Rd5 f6 23. Rfd1 a4 24. b4 Rac8 25. Qc5 b6 26. Qb5 Ne7 27. Rd7 c6 28. Qxb6 Qxc4 29. Qa7 Qe4+ 30. Kg1 Qxe2 31. Bc1 Nf5 32. Be3 Re7 33. Bc5 Qxd1+ 34. Rxd1 Rxa7 35. Bxa7 Kf7 36. Bc5 Nd4 37. Bxd4 Rd8 38. Rc1 exd4 39. Rxc6 d3 40. Rc1 d2 41. Rd1 Rd3 42. Kf1 Ke6 43. Ke2 Rxa3 44. Rxd2 Rb3 45. Rd8 Rxb4 46. Ra8 g5 47. h3 Kd5 48. Ra6 Kc4 49. Rxf6 a3 50. Ra6 Kb3 0-1

[Event "Open"]
[Site "Chambery op"]
[Date "1995.??.??"]
[Round "?"]
[White "Flear, Glenn C"]
[Black "Nepeina-Leconte, Maria"]
[Result "1-0"]
[WhiteElo "2480"]
[BlackElo "2255"]
[PlyCount "73"]
[EventDate "1995.??.??"]
[Source "www.chesslib.no"]
[SourceDate "2004.05.04"]

1. d4 Nf6 2. c4 e6 3. Nc3 Bb4 4. Qc2 Nc6 5. Nf3 d5 6. cxd5 exd5 7. Bg5 h6 8. Bxf6 Qxf6 9. e3 O-O 10. a3 Bxc3+ 11. Qxc3 Bg4 12. Be2 Rad8 13. O-O Rd7 14. b4 Bxf3 15. Bxf3 Ne7 16. Bg4 Nf5 17. Qd3 g6 18. b5 Qg5 19. Bxf5 Qxf5 20. Qxf5 gxf5 21. g3 Ra8 22. Rab1 a6 23. bxa6 b6 24. Rfc1 Rxa6 25. Rb3 Ra4 26. Rc6 Rc4 27. Rxc4 dxc4 28. Rb4 Kg7 29. Rxc4 Kg6 30. Kg2 f4 31. gxf4 Re7 32. Rc6+ Kh5 33. Kf3 f5 34. Rf6 Re8 35. Rxf5+ Kg6 36. Re5 Ra8 37. Re6+ 1-0